Further mathematics for economic analysis (Registro nro. 509)

Detalles MARC
000 -LEADER
fixed length control field 01366 a2200265 4500
001 - CONTROL NUMBER
control field 13123
005 - DATE AND TIME OF LATEST TRANSACTION
control field 20260407155441.0
008 - FIXED-LENGTH DATA ELEMENTS--GENERAL INFORMATION
fixed length control field 260407a2008 arg spa d
003 - CONTROL NUMBER IDENTIFIER
control field AR-UNSa-BCEJYS
040 ## - CATALOGING SOURCE
Original cataloging agency AR-UNSa-BCEJYS
Language of cataloging spa
Transcribing agency AR-UNSa-BCEJYS
080 ## - UNIVERSAL DECIMAL CLASSIFICATION NUMBER
Universal Decimal Classification number 330.4
Common auxiliary subdivision Economía matemática
020 ## - INTERNATIONAL STANDARD BOOK NUMBER
International Standard Book Number 978-0-273-71328-9
100 1# - MAIN ENTRY--PERSONAL NAME
Personal name Sydsæter, Knut
245 10 - TITLE STATEMENT
Title Further mathematics for economic analysis
250 ## - EDITION STATEMENT
Edition statement 2a. ed.
264 #1 - PRODUCTION, PUBLICATION, DISTRIBUTION, MANUFACTURE, AND COPYRIGHT NOTICE
Place of production, publication, distribution, manufacture Harlow :
Name of producer, publisher, distributor, manufacturer Prentice Hall
Date of production, publication, distribution, manufacture, or copyright notice 2008
300 ## - PHYSICAL DESCRIPTION
Extent xi, 616 p.
Dimensions 24 cm.
505 ## - FORMATTED CONTENTS NOTE
Formatted contents note 1. Topic in linear algebra - 2. Multivariable calculus - 3.<br/>Static optimization - 4. Topic in integration - 5. Differential equations I: First-order equations in one variable - 6. Differential II: Second-order equations and systems in the plane - 7. Differential equations III: Higher-order equations - 8. Calculus of variations - 9. Control theory: Basic techniques - 10. Control theory with many variables - 11. Difference equations - 12. Discrete time optimization - 13. Topology and separation - 14. Correspondences and fixed points
590 ## - LOCAL NOTE (RLIN)
Local note niveau_biblio:m niveau_hierar:0
700 1# - ADDED ENTRY--PERSONAL NAME
Personal name Hammond, Peter
700 1# - ADDED ENTRY--PERSONAL NAME
Personal name Seierstad, Atle
700 1# - ADDED ENTRY--PERSONAL NAME
Personal name StrØm, Arne
856 41 - ELECTRONIC LOCATION AND ACCESS
Uniform Resource Identifier <a href="https://biblioeco.unsa.edu.ar/pmb/images/libros/Futher mathematics for economic analysis2-l118921.jpg">https://biblioeco.unsa.edu.ar/pmb/images/libros/Futher mathematics for economic analysis2-l118921.jpg</a>
Link text Imagen de portada
Electronic format type image/jpeg
942 ## - ADDED ENTRY ELEMENTS (KOHA)
Koha item type
Existencias
Withdrawn status Lost status Damaged status Not for loan Home library Current library Shelving location Date acquired Total checkouts Full call number Barcode Date last seen Price effective from Koha item type
        Biblioteca Prof. Eusebio Cleto del Rey Biblioteca Prof. Eusebio Cleto del Rey   07/04/2026   330.4 F992 2ed. L118920 07/04/2026 07/04/2026 Libro
        Biblioteca Prof. Eusebio Cleto del Rey Biblioteca Prof. Eusebio Cleto del Rey   07/04/2026   330.4 F992 2ed. L118921 07/04/2026 07/04/2026 Libro